| 000 | 00689nam a22002417a 4500 | ||
|---|---|---|---|
| 001 | 01245 | ||
| 003 | DO-SdBNP | ||
| 005 | 20240411123214.0 | ||
| 007 | 01245 | ||
| 008 | 160916b 2009 mx |||| 00| 0 spa d | ||
| 020 | _a9681912195 | ||
| 040 |
_aBPMUS _bspa _cBPMSU |
||
| 082 | 4 |
_a128.2 _222 |
|
| 245 | 1 | 0 |
_aTai chi : _bun camino de sabiduría para el crecimiento personal / _cLinda Myoki Lehrhaupt |
| 260 |
_aMéxico : _balamah, _c2003 |
||
| 300 |
_a308 p. ; _b23 cm. _c |
||
| 490 | 0 | _aTradiciones de oriente | |
| 590 | _aInventariado, 2024/VM | ||
| 650 | 4 | _aMente y cuerpo | |
| 650 | 4 | _aConciencia (Filosofía) | |
| 910 | _aVMateo V. Control de calidad. BPMSU | ||
| 942 |
_2ddc _cBK |
||
| 999 |
_c11437 _d11437 |
||